[Event "URS-YUG"]
[Site "Tbilisi"]
[Date "1973.??.??"]
[Round "3"]
[White "Velimirovic, Dragoljub"]
[Black "Vasiukov, Evgeni"]
[Result "1/2-1/2"]
[WhiteElo "2510"]
[BlackElo "2560"]
[PlyCount "84"]
[EventDate "1973.??.??"]
[EventType "team"]
[EventRounds "4"]
[EventCountry "URS"]
[Source "ChessBase"]

1. e4 e5 2. Nf3 Nc6 3. Bb5 f5 4. Nc3 fxe4 5. Nxe4 d5 6. Nxe5 dxe4 7. Nxc6 Qd5
8. c4 Qd6 9. Qh5+ g6 10. Qe5+ Qxe5 11. Nxe5+ c6 12. Ba4 Be6 13. b3 Bg7 14. Bb2
a6 15. b4 Nh6 16. O-O O-O 17. Bb3 a5 18. bxa5 Rxa5 19. d4 exd3 20. Nxd3 Bxb2
21. Nxb2 Rd8 22. Rad1 Nf7 23. Rxd8+ Nxd8 24. Re1 Kf7 25. Re3 Kf6 26. Kf1 Bf5
27. h3 h5 28. Nd3 Ne6 29. h4 Ra3 30. Ke1 Nd4 31. Nc1 Bb1 32. Kd2 Nf5 33. Rf3
Be4 34. Rf4 Bxg2 35. Ne2 Ra5 36. f3 g5 37. hxg5+ Kxg5 38. Bc2 Nh4 39. Rf7 Bxf3
40. Nd4 Bg4 41. a4 Re5 42. Rxb7 c5 1/2-1/2

[Event "IBM"]
[Site "Amsterdam"]
[Date "1975.??.??"]
[Round "9"]
[White "Kavalek, Lubomir"]
[Black "Ljubojevic, Ljubomir"]
[Result "1-0"]
[WhiteElo "2555"]
[BlackElo "2615"]
[PlyCount "55"]
[EventDate "1975.??.??"]
[EventType "tourn"]
[EventRounds "15"]
[EventCountry "NED"]
[EventCategory "11"]
[Source "ChessBase"]

1. e4 e5 2. Nf3 Nc6 3. Bb5 f5 4. Nc3 fxe4 5. Nxe4 d5 6. Nxe5 dxe4 7. Nxc6 Qg5
8. Qe2 Nf6 9. f4 Qh4+ 10. g3 Qh3 11. Ne5+ c6 12. Bc4 Bc5 13. d3 Ng4 14. Nf7
Bf2+ 15. Kd1 e3 16. Qf3 Nxh2 17. Qe4+ Kf8 18. Bxe3 Bg4+ 19. Kd2 Re8 20. Ne5
Qxg3 21. Bxf2 Qxf2+ 22. Kc3 g6 23. Rxh2 Qxh2 24. Qd4 Ke7 25. Nxg4 Qe2 26. Ne5
Rhf8 27. Qd7+ Kf6 28. Ng4+ 1-0

[Event "Sochi Chigorin mem"]
[Site "Sochi"]
[Date "1983.??.??"]
[Round "?"]
[White "Tseshkovsky, Vitaly"]
[Black "Inkiov, Ventzislav"]
[Result "1-0"]
[WhiteElo "2525"]
[BlackElo "2500"]
[PlyCount "47"]
[EventDate "1983.08.??"]
[EventType "tourn"]
[EventRounds "15"]
[EventCountry "URS"]
[EventCategory "11"]
[Source "ChessBase"]

1. e4 e5 2. Nf3 Nc6 3. Bb5 f5 4. Nc3 Nd4 5. exf5 c6 6. Ba4 Nxf3+ 7. Qxf3 Nf6 8.
O-O d5 9. Re1 e4 10. d3 Bb4 11. dxe4 dxe4 12. Bg5 O-O 13. Rxe4 Bxc3 14. bxc3
Qd6 15. Bb3+ Kh8 16. Rh4 Qe5 17. g4 h6 18. Bf4 Qe4 19. Qxe4 Nxe4 20. Re1 Re8
21. Bxh6 gxh6 22. Rxh6+ Kg7 23. Rg6+ Kh8 24. Re3 1-0

[Event "Sarajevo"]
[Site "Sarajevo"]
[Date "1985.??.??"]
[Round "4"]
[White "Popovic, Petar"]
[Black "Kurajica, Bojan"]
[Result "0-1"]
[WhiteElo "2540"]
[BlackElo "2535"]
[PlyCount "74"]
[EventDate "1985.03.??"]
[EventType "tourn"]
[EventRounds "15"]
[EventCountry "YUG"]
[EventCategory "11"]
[Source "ChessBase"]

1. e4 e5 2. Nf3 Nc6 3. Bb5 f5 4. Nc3 fxe4 5. Nxe4 Nf6 6. Qe2 d5 7. Nxf6+ gxf6
8. d4 Bg7 9. dxe5 O-O 10. e6 Ne5 11. O-O c6 12. Ba4 Bxe6 13. Nd4 Bd7 14. f4 Qb6
15. c3 Bg4 16. Qc2 Nc4 17. f5 Rfe8 18. Qf2 Be2 19. Re1 Bd3 20. Re6 Rxe6 21.
fxe6 Re8 22. b3 Ne5 23. Bf4 Bg6 24. Kh1 Qa6 25. h4 Qd3 26. b4 Qxc3 27. Rd1 Qxb4
28. Bc2 Ng4 29. Qe2 f5 30. a3 Qc4 31. Qxc4 dxc4 32. Kg1 Rd8 33. Nf3 Rxd1+ 34.
Bxd1 Bf8 35. a4 Bc5+ 36. Kf1 Kf8 37. Be2 b5 0-1

[Event "Dortmund-A"]
[Site "Dortmund"]
[Date "1989.??.??"]
[Round "?"]
[White "Kindermann, Stefan"]
[Black "Kotronias, Vasilios"]
[Result "1/2-1/2"]
[WhiteElo "2515"]
[BlackElo "2505"]
[PlyCount "57"]
[EventDate "1989.03.??"]
[EventType "tourn"]
[EventRounds "11"]
[EventCountry "GER"]
[EventCategory "11"]
[Source "ChessBase"]
[SourceDate "2004.01.01"]

1. e4 e5 2. Nf3 Nc6 3. Bb5 f5 4. Nc3 fxe4 5. Nxe4 Nf6 6. Nxf6+ Qxf6 7. Qe2 Be7
8. Bxc6 dxc6 9. Nxe5 Bf5 10. d3 O-O 11. O-O Rae8 12. f4 Bd6 13. d4 Bxe5 14.
dxe5 Qg6 15. Rf2 h5 16. Kh1 Rd8 17. Be3 Rd5 18. h3 Rfd8 19. Re1 b6 20. Kh2 Kf7
21. Rf3 h4 22. Bf2 Rd2 23. Qc4+ Be6 24. Qxc6 Rxc2 25. f5 Rxc6 26. fxg6+ Kxg6
27. Re2 Bxa2 28. Bxh4 Re8 29. Ra3 1/2-1/2

[Event "Terrassa"]
[Site "Terrassa"]
[Date "1990.??.??"]
[Round "6"]
[White "Georgiev, Kiril"]
[Black "Rodriguez Vargas, Orestes"]
[Result "1-0"]
[WhiteElo "2605"]
[BlackElo "2500"]
[PlyCount "27"]
[EventDate "1990.04.??"]
[EventType "tourn"]
[EventRounds "11"]
[EventCountry "ESP"]
[EventCategory "11"]
[Source "ChessBase"]
[SourceDate "2004.01.01"]

1. e4 e5 2. Nf3 Nc6 3. Bb5 f5 4. Nc3 Nf6 5. exf5 e4 6. Nh4 Nd4 7. Ba4 Bc5 8. d3
b5 9. Bb3 exd3 10. Qxd3 Qe7+ 11. Be3 Ng4 12. f6 gxf6 13. Nd5 Ne5 14. Qd1 1-0

[Event "Hastings 9091"]
[Site "Hastings"]
[Date "1990.12.??"]
[Round "9"]
[White "Sax, Gyula"]
[Black "Chandler, Murray G"]
[Result "1/2-1/2"]
[WhiteElo "2600"]
[BlackElo "2560"]
[PlyCount "29"]
[EventDate "1990.12.??"]
[EventType "tourn"]
[EventRounds "14"]
[EventCountry "ENG"]
[EventCategory "13"]
[Source "ChessBase"]
[SourceDate "2004.01.01"]

1. e4 e5 2. Nf3 Nc6 3. Bb5 f5 4. Nc3 fxe4 5. Nxe4 Nf6 6. Qe2 d5 7. Nxf6+ gxf6
8. d4 Bg7 9. dxe5 O-O 10. Bxc6 bxc6 11. e6 Re8 12. O-O c5 13. Qb5 Bf8 14. Bf4
Bxe6 15. Rfe1 1/2-1/2

[Event "St Petersburg"]
[Site "St Petersburg"]
[Date "1992.??.??"]
[Round "?"]
[White "Magerramov, Elmar"]
[Black "Kuzmin, Gennadi P"]
[Result "0-1"]
[WhiteElo "2560"]
[BlackElo "2530"]
[PlyCount "68"]
[EventDate "1992.06.??"]
[EventType "tourn"]
[EventRounds "11"]
[EventCountry "RUS"]
[EventCategory "10"]
[Source "ChessBase"]
[SourceDate "2004.01.01"]

1. e4 e5 2. Nf3 Nc6 3. Bb5 f5 4. Nc3 fxe4 5. Nxe4 Nf6 6. Qe2 d5 7. Nxf6+ gxf6
8. d4 e4 9. Nh4 Be6 10. Bf4 Qd7 11. O-O-O O-O-O 12. f3 a6 13. Ba4 exf3 14. Nxf3
b5 15. Bb3 Bf5 16. Rhe1 Na5 17. Qd2 b4 18. Re3 Qb5 19. Qe1 Rg8 20. g3 Bd6 21.
Bxd6 Rxd6 22. Kb1 Rgd8 23. Qf1 Nc4 24. Ree1 Kb8 25. Nd2 Nxd2+ 26. Rxd2 Qxf1 27.
Rxf1 Re8 28. a3 Bh3 29. Rf4 a5 30. Ba4 Re3 31. Ka2 h5 32. Bb5 Bg4 33. Bd3 Rb6
34. Rdf2 b3+ 0-1

[Event "Nikolaev zt"]
[Site "Nikolaev"]
[Date "1993.??.??"]
[Round "?"]
[White "Brodsky, Michail"]
[Black "Kuzmin, Gennadi P"]
[Result "1-0"]
[WhiteElo "2520"]
[BlackElo "2525"]
[PlyCount "61"]
[EventDate "1993.03.??"]
[EventType "swiss"]
[EventRounds "11"]
[EventCountry "RUS"]
[Source "ChessBase"]
[SourceDate "2004.01.01"]

1. e4 e5 2. Nf3 Nc6 3. Bb5 f5 4. Nc3 fxe4 5. Nxe4 Nf6 6. Qe2 d5 7. Nxf6+ gxf6
8. d4 e4 9. Nh4 Be6 10. Qh5+ Bf7 11. Qf5 Qd6 12. c3 Qe6 13. Bf4 O-O-O 14. f3
Qxf5 15. Nxf5 Rg8 16. O-O a6 17. Ba4 Ne7 18. Ng3 Bg6 19. fxe4 Bxe4 20. Nxe4
dxe4 21. Bb3 Nd5 22. Rae1 Rg4 23. Bxd5 Rxd5 24. h3 Rg6 25. Rxe4 Kd7 26. Rfe1
Rf5 27. R1e2 h5 28. c4 b5 29. b3 Bb4 30. c5 Ba5 31. a3 1-0

[Event "Bundesliga 9394"]
[Site "Germany"]
[Date "1994.??.??"]
[Round "?.1"]
[White "Bologan, Viktor"]
[Black "Chandler, Murray G"]
[Result "1-0"]
[WhiteElo "2585"]
[BlackElo "2565"]
[PlyCount "65"]
[EventDate "1993.10.??"]
[EventType "team"]
[EventRounds "15"]
[EventCountry "GER"]
[Source "ChessBase"]
[SourceDate "1999.07.01"]
[WhiteTeam "Dresden"]
[BlackTeam "Solingen"]
[WhiteTeamCountry "GER"]
[BlackTeamCountry "GER"]

1. e4 e5 2. Nf3 Nc6 3. Bb5 f5 4. Nc3 fxe4 5. Nxe4 d5 6. Nxe5 dxe4 7. Nxc6 Qg5
8. Qe2 Nf6 9. f4 Qxf4 10. Ne5+ c6 11. d4 Qh4+ 12. g3 Qh3 13. Bc4 Be6 14. Bf4
Rd8 15. O-O-O Bd6 16. Bg5 Qf5 17. Bxf6 gxf6 18. Rhf1 Qg5+ 19. Kb1 Bxe5 20. Bxe6
Rxd4 21. Rf4 Ke7 22. Rxd4 Bxd4 23. Rxe4 Rd8 24. Bc4+ Be5 25. Bd3 h5 26. Rh4 Rh8
27. Qf2 b6 28. a3 Kd6 29. Ra4 Ra8 30. Be4 Rc8 31. Rxa7 Bxb2 32. Bf5 Qc1+ 33.
Ka2 1-0

[Event "Garmisch Partenkirchen"]
[Site "Garmisch Partenkirchen"]
[Date "1994.??.??"]
[Round "10"]
[White "Kindermann, Stefan"]
[Black "Sokolov, Ivan"]
[Result "0-1"]
[WhiteElo "2560"]
[BlackElo "2625"]
[PlyCount "66"]
[EventDate "1994.??.??"]
[EventType "tourn (rapid)"]
[EventRounds "15"]
[EventCountry "GER"]
[EventCategory "13"]
[Source "ChessBase"]
[SourceDate "2004.01.01"]

1. e4 e5 2. Nf3 Nc6 3. Bb5 f5 4. d3 fxe4 5. dxe4 Nf6 6. O-O d6 7. Qd3 Bg4 8.
Bg5 Be7 9. Nbd2 Qd7 10. c4 Rd8 11. c5 dxc5 12. Qxd7+ Bxd7 13. Bxc6 Bxc6 14.
Nxe5 Bb5 15. Rfe1 O-O 16. f3 Rfe8 17. Nec4 h6 18. Be3 Nd7 19. a4 Ba6 20. Rac1
Bf6 21. b3 g5 22. Red1 b6 23. Kf2 Nb8 24. Nb1 Nc6 25. Rxd8 Rxd8 26. Nc3 Nb4 27.
Rd1 Rxd1 28. Nxd1 Nd3+ 29. Ke2 Ne5 30. Ndb2 Ng4 31. Nd3 Nxe3 32. Kxe3 Bd4+ 33.
Kd2 Bc8 0-1

[Event "Ubeda m"]
[Site "Ubeda"]
[Date "1994.??.??"]
[Round "2"]
[White "Karpov, Anatoly"]
[Black "Lautier, Joel"]
[Result "1-0"]
[WhiteElo "2780"]
[BlackElo "2645"]
[PlyCount "85"]
[EventDate "1994.11.??"]
[EventType "match"]
[EventRounds "6"]
[EventCountry "ESP"]
[Source "ChessBase"]
[SourceDate "2004.01.01"]

1. e4 e5 2. Nf3 Nc6 3. Bb5 f5 4. Nc3 fxe4 5. Nxe4 d5 6. Ng3 Bg4 7. h3 Bxf3 8.
Qxf3 Nf6 9. O-O Bd6 10. Nh5 e4 11. Nxf6+ Qxf6 12. Qxf6 gxf6 13. d3 O-O-O 14.
dxe4 dxe4 15. Re1 f5 16. Kf1 Rde8 17. Bh6 Re6 18. Bg7 Rd8 19. Rad1 Be5 20. Bxc6
bxc6 21. Rxd8+ Kxd8 22. Bxe5 Rxe5 23. Ke2 Ke7 24. Ke3 Rb5 25. b3 Ra5 26. a4 Rd5
27. g4 Kf6 28. Rg1 a5 29. h4 h6 30. gxf5 Rxf5 31. Rg8 Rf3+ 32. Kxe4 Rc3 33. h5
Rxc2 34. Rg6+ Ke7 35. f4 c5 36. Rxh6 c4 37. bxc4 Rxc4+ 38. Kf5 Rxa4 39. Rc6 Rb4
40. h6 Kf8 41. Rf6+ Kg8 42. Kg6 Rb8 43. f5 1-0

[Event "Hoogovens"]
[Site "Wijk aan Zee"]
[Date "1995.01.??"]
[Round "2"]
[White "Almasi, Zoltan"]
[Black "Khalifman, Alexander"]
[Result "1/2-1/2"]
[WhiteElo "2620"]
[BlackElo "2645"]
[PlyCount "53"]
[EventDate "1995.01.??"]
[EventType "k.o."]
[EventRounds "5"]
[EventCountry "NED"]
[Source "ChessBase"]
[SourceDate "2004.01.01"]

1. e4 e5 2. Nf3 Nc6 3. Bb5 f5 4. Nc3 fxe4 5. Nxe4 Nf6 6. Qe2 d5 7. Nxf6+ gxf6
8. d4 Bg7 9. dxe5 O-O 10. Bxc6 bxc6 11. e6 Re8 12. O-O c5 13. Qb5 Bf8 14. b3
Rxe6 15. Qa5 d4 16. Bf4 Bd6 17. Bxd6 Qxd6 18. Rfe1 Kh8 19. Nd2 Bb7 20. Rxe6
Qxe6 21. Qxc7 Bxg2 22. Kxg2 Qd5+ 23. f3 Qg5+ 24. Kf1 Qxd2 25. Qc6 Rg8 26. Qxf6+
Rg7 27. Qf8+ 1/2-1/2

[Event "Hoogovens"]
[Site "Wijk aan Zee"]
[Date "1995.01.??"]
[Round "2"]
[White "Timman, Jan H"]
[Black "Piket, Jeroen"]
[Result "1-0"]
[WhiteElo "2635"]
[BlackElo "2640"]
[PlyCount "51"]
[EventDate "1995.01.??"]
[EventType "k.o."]
[EventRounds "5"]
[EventCountry "NED"]
[Source "ChessBase"]
[SourceDate "2004.01.01"]

1. e4 e5 2. Nf3 Nc6 3. Bb5 f5 4. Nc3 fxe4 5. Nxe4 d5 6. Nxe5 dxe4 7. Nxc6 Qd5
8. c4 Qd6 9. Qh5+ g6 10. Qe5+ Qxe5 11. Nxe5+ c6 12. Ba4 Be6 13. d4 exd3 14. Bg5
Bg7 15. O-O-O Bxe5 16. Rhe1 h6 17. Rxe5 hxg5 18. Rxe6+ Kf7 19. Rd6 Nf6 20.
R1xd3 g4 21. f3 Rxh2 22. fxg4 Ne4 23. Rf3+ Kg7 24. Rd7+ Kh6 25. Re3 Nc5 26. g5+
1-0

[Event "Dortmund"]
[Site "Dortmund"]
[Date "1995.??.??"]
[Round "1"]
[White "Short, Nigel D"]
[Black "Piket, Jeroen"]
[Result "1/2-1/2"]
[WhiteElo "2645"]
[BlackElo "2625"]
[PlyCount "33"]
[EventDate "1995.07.??"]
[EventType "tourn"]
[EventRounds "9"]
[EventCountry "GER"]
[EventCategory "17"]
[Source "ChessBase"]
[SourceDate "2004.01.01"]

1. e4 e5 2. Nf3 Nc6 3. Bb5 f5 4. d4 fxe4 5. Bxc6 dxc6 6. Nxe5 Qh4 7. Nc3 Nf6 8.
h3 Nd5 9. O-O Nxc3 10. bxc3 Bd6 11. Qe1 Bxe5 12. dxe5 Bf5 13. c4 c5 14. Qe3 b6
15. f4 h5 16. Bb2 O-O-O 17. Rad1 1/2-1/2

[Event "Groningen"]
[Site "Groningen"]
[Date "1995.??.??"]
[Round "2"]
[White "Kamsky, Gata"]
[Black "Piket, Jeroen"]
[Result "1-0"]
[WhiteElo "2735"]
[BlackElo "2625"]
[PlyCount "73"]
[EventDate "1995.12.??"]
[EventType "tourn"]
[EventRounds "11"]
[EventCountry "NED"]
[EventCategory "17"]
[Source "ChessBase"]
[SourceDate "2004.01.01"]

1. e4 e5 2. Nf3 Nc6 3. Bb5 f5 4. Nc3 fxe4 5. Nxe4 d5 6. Nxe5 dxe4 7. Nxc6 Qg5
8. Qe2 Nf6 9. f4 Qxf4 10. d4 Qd6 11. Ne5+ c6 12. Bc4 Be6 13. c3 Bxc4 14. Nxc4
Qe6 15. O-O Be7 16. Bg5 O-O 17. Rae1 Rae8 18. Nd2 Qxa2 19. Bxf6 Bxf6 20. Nxe4
Re6 21. Qg4 h6 22. Rxf6 Rfxf6 23. Nxf6+ Rxf6 24. Qc8+ Kh7 25. Qxb7 a5 26. h3
Rg6 27. Qb8 a4 28. Re8 Re6 29. Rh8+ Kg6 30. Qg3+ Kf7 31. Rb8 Qb1+ 32. Kh2 Re1
33. Rb7+ Ke6 34. d5+ Kxd5 35. Rd7+ Kc4 36. Rd4+ Kb3 37. c4+ 1-0

[Event "Hoogovens"]
[Site "Wijk aan Zee"]
[Date "1996.01.16"]
[Round "3"]
[White "Leko, Peter"]
[Black "Sokolov, Ivan"]
[Result "1/2-1/2"]
[WhiteElo "2625"]
[BlackElo "2665"]
[PlyCount "54"]
[EventDate "1996.01.??"]
[EventType "tourn"]
[EventRounds "13"]
[EventCountry "NED"]
[EventCategory "17"]
[Source "ChessBase"]
[SourceDate "2004.01.01"]

1. e4 e5 2. Nf3 Nc6 3. Bb5 f5 4. Nc3 Nd4 5. exf5 c6 6. Bd3 Nxf3+ 7. Qxf3 Nf6 8.
Qe2 Bd6 9. b3 O-O 10. Bb2 Bc7 11. f3 d5 12. g4 b5 13. Qg2 a5 14. a4 bxa4 15.
Nxa4 Bd6 16. Kd1 Rb8 17. Re1 Re8 18. Qg1 Rb4 19. Ba3 Rf4 20. Bxd6 Qxd6 21. Qc5
Qxc5 22. Nxc5 Rxf3 23. Be2 Rh3 24. Rxa5 Rxh2 25. Rg1 Nd7 26. Ne6 Nf8 27. Nc5
Nd7 1/2-1/2

[Event "Dortmund"]
[Site "Dortmund"]
[Date "1997.07.13"]
[Round "9"]
[White "Polgar, Judit"]
[Black "Ivanchuk, Vassily"]
[Result "1/2-1/2"]
[WhiteElo "2670"]
[BlackElo "2725"]
[PlyCount "74"]
[EventDate "1997.07.04"]
[EventType "tourn"]
[EventRounds "9"]
[EventCountry "GER"]
[EventCategory "18"]
[Source "ChessBase"]
[SourceDate "1997.10.13"]

1. e4 e5 2. Nf3 Nc6 3. Bb5 f5 4. d4 fxe4 5. Bxc6 dxc6 6. Nxe5 Bf5 7. O-O Bd6 8.
Qh5+ g6 9. Qe2 Qh4 10. Nc3 Nf6 11. f3 Bxe5 12. dxe5 exf3 13. Rxf3 Qd4+ 14. Kh1
Ne4 15. Nxe4 Qxe4 16. Rf2 Qxe2 17. Rxe2 Bg4 18. Re1 Rf8 19. Kg1 Be6 20. Bg5 a5
21. a3 Rf5 22. Bf6 Rf4 23. Rad1 b5 24. c3 b4 25. axb4 axb4 26. cxb4 Rxb4 27.
Rd2 Ra2 28. Rd8+ Kf7 29. Re2 Rbxb2 30. Rxb2 Rxb2 31. Rh8 h5 32. Rh7+ Kf8 33.
Rxc7 Rc2 34. Re7 Bd5 35. e6 Re2 36. Rf7+ Ke8 37. Re7+ Kf8 1/2-1/2

[Event "RUS-ch51"]
[Site "St Petersburg"]
[Date "1998.07.29"]
[Round "2"]
[White "Dvoirys, Semen I"]
[Black "Karpatchev, Aleksandr"]
[Result "1-0"]
[WhiteElo "2585"]
[BlackElo "2515"]
[PlyCount "103"]
[EventDate "1998.07.28"]
[EventType "swiss"]
[EventRounds "11"]
[EventCountry "RUS"]
[Source "ChessBase"]
[SourceDate "1998.11.30"]

1. e4 e5 2. Nf3 Nc6 3. Bb5 f5 4. Nc3 fxe4 5. Nxe4 d5 6. Nxe5 dxe4 7. Nxc6 Qg5
8. Qe2 Nf6 9. f4 Qxf4 10. Ne5+ c6 11. d4 Qh4+ 12. g3 Qh3 13. Bc4 Be6 14. Qf1
Qxf1+ 15. Rxf1 Bxc4 16. Nxc4 c5 17. Be3 Rc8 18. dxc5 Bxc5 19. Bxc5 Rxc5 20. Ne3
h5 21. Rd1 O-O 22. Ke2 Rfc8 23. c3 Ra5 24. a3 Rb5 25. Rd2 a5 26. Rf5 Rxf5 27.
Nxf5 Rc5 28. Nd6 b5 29. Ke3 g5 30. h3 Kg7 31. Rf2 Rd5 32. Nxe4 Nxe4 33. Kxe4
Rd1 34. Rf5 Re1+ 35. Kd4 Kg6 36. Rxb5 Rg1 37. Ke4 Rxg3 38. Rb6+ Kg7 39. Kf5 Kf7
40. Rb7+ Ke8 41. a4 h4 42. Rb5 Rxh3 43. Kxg5 Rh1 44. Rxa5 h3 45. Kh4 Kd7 46.
Kg3 Kc6 47. b4 Kb6 48. Rc5 Kb7 49. a5 Ka6 50. c4 h2 51. Rc6+ Kb7 52. Rb6+ 1-0

[Event "Porzellan Cup"]
[Site "Dresden"]
[Date "1999.??.??"]
[Round "1.1"]
[White "Almasi, Zoltan"]
[Black "Lanka, Zigurds"]
[Result "1-0"]
[WhiteElo "2650"]
[BlackElo "2515"]
[PlyCount "87"]
[EventDate "1999.01.??"]
[EventType "k.o. (rapid)"]
[EventRounds "3"]
[EventCountry "GER"]
[Source "ChessBase"]
[SourceDate "1999.03.01"]

1. e4 e5 2. Nf3 Nc6 3. Bb5 f5 4. Nc3 Nd4 5. Nxe5 Nf6 6. Bc4 Qe7 7. Nf3 Nxf3+ 8.
gxf3 fxe4 9. fxe4 c6 10. d3 d5 11. Bb3 Bh3 12. Bg5 O-O-O 13. Qf3 Qd7 14. Rg1 d4
15. Ne2 Bb4+ 16. Bd2 Bd6 17. Bf4 Bb4+ 18. Bd2 Bd6 19. Nf4 Bxf4 20. Qxf4 Rhf8
21. Qh4 Bg4 22. Bg5 h5 23. Rg3 Rde8 24. f3 Be6 25. O-O-O Bxb3 26. axb3 Re5 27.
Bd2 a5 28. Rdg1 Ne8 29. f4 Rb5 30. Rg5 Rxg5 31. Rxg5 b6 32. Qxh5 c5 33. f5 a4
34. Qg6 Kb7 35. e5 axb3 36. cxb3 Qb5 37. Kc2 c4 38. dxc4 Qxe5 39. Qe6 Qxe6 40.
fxe6 Rf6 41. Re5 Kc6 42. Kd3 Rf3+ 43. Kxd4 Rxb3 44. Bc3 1-0

[Event "Hoogovens 5'"]
[Site "Wijk aan Zee"]
[Date "1999.01.18"]
[Round "13"]
[White "Svidler, Peter"]
[Black "Topalov, Veselin"]
[Result "1-0"]
[WhiteElo "2713"]
[BlackElo "2700"]
[PlyCount "87"]
[EventDate "1999.01.18"]
[EventType "tourn (blitz)"]
[EventRounds "13"]
[EventCountry "NED"]
[EventCategory "17"]
[Source "ChessBase"]
[SourceDate "1999.03.01"]

1. e4 e5 2. Nf3 Nc6 3. Bb5 f5 4. Nc3 Nf6 5. exf5 Bc5 6. O-O O-O 7. Bxc6 dxc6 8.
Nxe5 Bxf5 9. d3 Qe8 10. Qe2 Bd6 11. f4 Nd7 12. Nc4 Qg6 13. Nxd6 cxd6 14. Bd2
Nf6 15. Rae1 d5 16. Qf2 b6 17. Ne2 c5 18. Ng3 Bd7 19. f5 Qf7 20. Qf3 h6 21. h3
Rfe8 22. Bf4 Rxe1 23. Rxe1 Re8 24. Be5 d4 25. b3 Nd5 26. Nh5 Nb4 27. Nxg7 Rxe5
28. Rxe5 Kxg7 29. Qg3+ Kh7 30. Re2 Bxf5 31. Qd6 Nd5 32. Re5 Bxh3 33. Qxd5 Qxd5
34. Rxd5 Bg4 35. Kf2 Kg6 36. Rd6+ Kg5 37. b4 cxb4 38. Rxd4 Bd1 39. Rxb4 Bxc2
40. Ke3 h5 41. Rc4 Bb1 42. a3 Ba2 43. Rc7 a5 44. Rb7 1-0

[Event "Ubeda op 6th"]
[Site "Ubeda"]
[Date "2001.01.27"]
[Round "7"]
[White "Sakaev, Konstantin"]
[Black "Sulskis, Sarunas"]
[Result "1/2-1/2"]
[WhiteElo "2639"]
[BlackElo "2501"]
[PlyCount "53"]
[EventDate "2001.01.21"]
[EventType "swiss"]
[EventRounds "10"]
[EventCountry "ESP"]
[Source "ChessBase"]
[SourceDate "2001.03.08"]

1. e4 e5 2. Nf3 Nc6 3. Bb5 f5 4. Nc3 Nd4 5. Bc4 c6 6. O-O d6 7. Re1 Nxf3+ 8.
Qxf3 f4 9. d4 Qf6 10. b4 g5 11. d5 a6 12. a4 h5 13. Rb1 h4 14. Qd3 g4 15. dxc6
bxc6 16. Bxg8 g3 17. Qc4 Bd7 18. b5 axb5 19. axb5 h3 20. fxg3 fxg3 21. hxg3
hxg2 22. Qf7+ Qxf7 23. Bxf7+ Kxf7 24. Kxg2 cxb5 25. Nxb5 Rc8 26. Na3 Kg8 27.
Rb3 1/2-1/2

[Event "Liepaja rap"]
[Site "Liepaja"]
[Date "2001.08.04"]
[Round "8"]
[White "Shirov, Alexei"]
[Black "Shabalov, Alexander"]
[Result "0-1"]
[WhiteElo "2706"]
[BlackElo "2574"]
[PlyCount "42"]
[EventDate "2001.08.02"]
[EventType "tourn (rapid)"]
[EventRounds "11"]
[EventCountry "LAT"]
[EventCategory "14"]
[Source "ChessBase"]
[SourceDate "2001.11.13"]

1. e4 e5 2. Nf3 Nc6 3. Bb5 f5 4. Nc3 Nf6 5. exf5 e4 6. Ng5 d5 7. d3 h6 8. Ne6
Bxe6 9. fxe6 Qd6 10. dxe4 Qxe6 11. O-O dxe4 12. Ne2 Bd6 13. Nd4 Qe5 14. g3 O-O
15. Bxc6 bxc6 16. Bf4 Qe8 17. Bxd6 cxd6 18. c4 Qd7 19. Qe2 Rae8 20. Rad1 Qh3
21. g4 c5 0-1

[Event "Liepaja rap"]
[Site "Liepaja"]
[Date "2001.08.04"]
[Round "10"]
[White "Magem Badals, Jordi"]
[Black "Shabalov, Alexander"]
[Result "0-1"]
[WhiteElo "2513"]
[BlackElo "2574"]
[PlyCount "43"]
[EventDate "2001.08.02"]
[EventType "tourn (rapid)"]
[EventRounds "11"]
[EventCountry "LAT"]
[EventCategory "14"]
[Source "ChessBase"]
[SourceDate "2001.11.13"]

1. e4 e5 2. Nf3 Nc6 3. Bb5 f5 4. Nc3 Nf6 5. Qe2 Nd4 6. Nxd4 exd4 7. e5 Ng4 8.
h3 Nxf2 9. Qxf2 dxc3 10. Qxf5 Qh4+ 11. Kd1 c6 12. Bd3 cxd2 13. Bxd2 Be7 14. Re1
d5 15. exd6 Qd4 16. Qe4 Qxe4 17. Bxe4 Bxd6 18. Rf1 Be6 19. Bf4 Bc4 20. Rf3 Kd7
21. b3 Be6 22. Bd2 0-1

[Event "Keres mem rap"]
[Site "Tallinn"]
[Date "2004.01.04"]
[Round "6"]
[White "Rozentalis, Eduardas"]
[Black "Sulskis, Sarunas"]
[Result "1/2-1/2"]
[WhiteElo "2625"]
[BlackElo "2582"]
[PlyCount "96"]
[EventDate "2004.01.03"]
[EventType "tourn (rapid)"]
[EventRounds "7"]
[EventCountry "EST"]
[EventCategory "15"]
[Source "ChessBase"]
[SourceDate "2004.06.01"]

1. e4 e5 2. Nf3 Nc6 3. Bb5 f5 4. Nc3 Nd4 5. Ba4 c6 6. O-O b5 7. Bb3 Nxb3 8.
axb3 b4 9. Ne2 fxe4 10. Nxe5 Nf6 11. d4 Be7 12. Ng3 O-O 13. Qe2 a5 14. Nxe4 Ba6
15. Nd3 Nxe4 16. Qxe4 Bf6 17. Be3 Re8 18. Qg4 d5 19. Rfe1 Bxd3 20. cxd3 Qb6 21.
Rec1 Kh8 22. h3 Qb5 23. Qd1 Be7 24. Rc2 Bd6 25. Rac1 Rac8 26. Qh5 Rf8 27. Qe2
a4 28. bxa4 Qxa4 29. g3 b3 30. Rd2 Qb5 31. Kg2 Rce8 32. Qg4 Bb4 33. Rdd1 Qb7
34. Bf4 Rf7 35. Be5 Kg8 36. h4 c5 37. Kg1 cxd4 38. Bxd4 Qd7 39. Qxd7 Rxd7 40.
Kf1 h5 41. Rc6 Rb7 42. Rg6 Rc8 43. Rg5 Rc2 44. Rxd5 Bd2 45. Rc5 Rd7 46. Rxd2
Rxd2 47. Bc3 R2xd3 48. Ke2 R3d5 1/2-1/2

[Event "SLO-chT"]
[Site "Celje"]
[Date "2004.12.03"]
[Round "7"]
[White "Naiditsch, Arkadij"]
[Black "Sermek, Drazen"]
[Result "1/2-1/2"]
[WhiteElo "2611"]
[BlackElo "2547"]
[PlyCount "22"]
[EventDate "2004.11.29"]
[EventType "team"]
[EventRounds "9"]
[EventCountry "SLO"]
[Source "ChessBase"]
[SourceDate "2004.12.30"]

1. e4 e5 2. Nf3 Nc6 3. Bb5 f5 4. Nc3 Nf6 5. Qe2 Nd4 6. Nxd4 exd4 7. exf5+ Be7
8. Ne4 O-O 9. O-O Nxe4 10. Qxe4 d5 11. Qe2 Bxf5 1/2-1/2